000 00621nam a2200241 i 4500
001 C2-0071125
003 PPAK
005 20190630222151.0
008 970429s1993 enk |||| ||||| | eng d
020 _a074931544X
040 _aPPAK
_beng
_cPPAK
_erda
082 0 4 _a616.079
_223
090 0 0 _a616.079
_bCHA
_dG
100 1 _aCharles, Rachel,
_eauthor
245 1 0 _aMind, body and immunity
264 1 _aLondon :
_bCedar ,
_c1993
300 _axii, 291 pages ;
_c20 cm
336 _2rdacontent
_atext
337 _2rdamedia
_aunmediated
338 _2rdacarrier
_avolume
650 1 0 _aImmune system
942 _ddc
_cB
999 _c8620
_d8620